| 000 | 01157nam a2200313Ia 4500 | ||
|---|---|---|---|
| 001 | ebr10296554 | ||
| 003 | CaPaEBR | ||
| 006 | m u | ||
| 007 | cr cn||||||||| | ||
| 008 | 090507s2007 caua s 001 0 eng d | ||
| 010 | _z 2009277822 | ||
| 020 | _z0470144823 (pbk.) | ||
| 020 | _z9780470144824 (pbk.) | ||
| 040 |
_aCaPaEBR _cCaPaEBR |
||
| 035 | _a(OCoLC)608623946 | ||
| 050 | 1 | 4 |
_aT385 _b.M379 2007eb |
| 100 | 1 | _aMcFarland, Jon. | |
| 245 | 1 | 0 |
_aMastering Autodesk VIZ 2008 _h[electronic resource] / _cJon McFarland. |
| 260 |
_aSan Francisco, Calif. : _bSybex ; _aIndianapolis, Ind. : _bWiley, _cc2007. |
||
| 300 |
_axxiv, 983 p. : _bill. |
||
| 500 | _aIncludes index. | ||
| 533 |
_aElectronic reproduction. _bPalo Alto, Calif. : _cebrary, _d2011. _nAvailable via World Wide Web. _nAccess may be limited to ebrary affiliated libraries. |
||
| 630 | 0 | 0 | _aAutodesk VIZ. |
| 650 | 0 | _aComputer animation. | |
| 650 | 0 | _aComputer graphics. | |
| 655 | 7 |
_aElectronic books. _2local |
|
| 710 | 2 | _aebrary, Inc. | |
| 856 | 4 | 0 |
_uhttp://site.ebrary.com/lib/rucke/Doc?id=10296554 _zAn electronic book accessible through the World Wide Web; click to view |
| 999 |
_c77361 _d77361 |
||